000 00515nam a22001937a 4500
003 CEME
005 20210628204555.0
008 210219b xxu||||| |||| 00| 0 eng d
020 _a0-13-249954-1
040 _c.
082 _a621.381548 BEL'E
100 _aBell, David A
_94002
245 _aElectronic instrumentation and measurements
250 _a2ND
260 _aNEWJERSCY
_bPRENTICE HALL
_c1994
300 _a451P
650 _aELECTRONIC INSTRUMENTS ELECTRONIC MEASUREMENTS
_970960
942 _cBK
_2ddc
999 _c577732
_d577732